000 00646nam a2200217Ia 4500
005 20250508164543.0
008 008 250505s9999 xx 000 0 eng d
037 _aTextual
040 _aFEDL
_beng
_cFEDL
041 _aeng
_2eng
084 _a370.19345, RUD
_qFEDL
100 _aRudduck Jean
_9149149
245 0 _aDeveloping a gender policy in secondary schools: Individuals and institutions
260 _aBuckingham, UK
_bOpen University Press
_c1994
300 _aix,142p.
365 _aGBP
_b19.99
546 _aMACESE
650 _aWomen education
942 _cTEXL
_h370.19345, RUD
999 _c1389763
_d1389763